Central Library OPAC University of Rajshahi

Modeling social processes / (Record no. 33852)

MARC details
000 -LEADER
fixed length control field 00919nam a2200277 a 4500
001 - CONTROL NUMBER
control field 33852
003 - CONTROL NUMBER IDENTIFIER
rucl marc code BD-RjUL
005 - DATE AND TIME OF LATEST TRANSACTION
control field 20211209052053.0
008 - FIXED-LENGTH DATA ELEMENTS--GENERAL INFORMATION
fixed length control field 161212s1976 nyua b 001 0 eng d
020 ## - INTERNATIONAL STANDARD BOOK NUMBER
International Standard Book Number 0444414657
035 ## - SYSTEM CONTROL NUMBER
System control number (BD-RjUL)33944
040 ## - CATALOGING SOURCE
Original cataloging agency DLC
Transcribing agency DLC
Modifying agency DLC
-- BD-RjUL
Language of cataloging eng
041 ## - LANGUAGE CODE
Language code of text/sound track or separate title eng
082 00 - DEWEY DECIMAL CLASSIFICATION NUMBER
Classification number 300.15118
Author mark and year DOM 1976
Edition number 23
100 1# - MAIN ENTRY--PERSONAL NAME
Personal name Doreian, Patrick.
9 (RLIN) 102807
245 10 - TITLE STATEMENT
Title Modeling social processes /
Statement of responsibility, etc. Patrick Doreian and Norman P. Hummon.
260 ## - PUBLICATION, DISTRIBUTION, ETC. (IMPRINT)
Place of publication, distribution, etc. New York :
Name of publisher, distributor, etc. Elsevier,
Date of publication, distribution, etc. 1976.
300 ## - PHYSICAL DESCRIPTION
Pagination 172 p. :
Illustrations ill. ;
Size 24 cm.
490 1# - SERIES STATEMENT
Series statement Progress in mathematical social sciences ;
Volume/sequential designation v. 8
504 ## - BIBLIOGRAPHY, ETC. NOTE
Bibliography, etc Includes bibliographical reference and index.
650 #0 - SUBJECT ADDED ENTRY--TOPICAL TERM
Topical term or geographic name as entry element Social sciences
General subdivision Mathematical models.
9 (RLIN) 6879
700 1# - ADDED ENTRY--PERSONAL NAME
Personal name Hummon, Norman P.,
Dates associated with a name 1944-
Relator term joint author.
830 1# - SERIES ADDED ENTRY--UNIFORM TITLE
Uniform title Progress in mathematical social sciences ;
942 ## - ADDED ENTRY ELEMENTS (KOHA)
Source of classification or shelving scheme Dewey Decimal Classification
Koha item type Books
Holdings
Lost status Source of classification or shelving scheme Damaged status Not for loan Collection code Permanent Location Current Location Shelving location Date acquired Source of acquisition Total Checkouts Full call number Date last seen Copy number Koha item type
  Dewey Decimal Classification     Non-fiction Central Library, University of Rajshahi Central Library, University of Rajshahi   11/10/1980 netharlad gift   300.15118 DOM 1976 11/05/2014 C-2 Books
  Dewey Decimal Classification   Not For Loan Non-fiction Central Library, University of Rajshahi Central Library, University of Rajshahi Reading Room 11/10/1980 Zeitlinger   300.15118 DOM 1976 12/12/2016 C-1 Books